00901nam a2200241Ia 4500003000400000005001700004008004100021020001800062040001800080041000800098082001900106100003000125245007200155250001200227260006600239300003000305650002900335650006300364650004900427942003500476999001900511952012900530OSt20251120115659.0210716s2010 xx 000 0 und d a9780070486843 cAIMIT LIBRARY aeng a005.761 bMALE aMallach, Efrem G.9246389 aDecision support and data warehouse systems /cBy Efrem G. Mallach. a1st ed. aNew Delhi :bTata McGraw Hill Publishing Company Ltd ,c2010. axix,664 p.;b24.5 cm.cPB aData Warehousing9246390 aBuilding and implementing decision support systems9246391 aMathematical models and optimization9246503 2ddccBKe1st ed.k005.761 MALE c191471d191471 001040708MCAaAIMITbAIMITeAthulya Booksg525.00l0o005.761 MALEpMCA10979r2026-05-23 00:00:00v393.75w2021-07-16yBK